Johnny Cash Albums Tile Select - Statistics

General Stats
  • This quiz has been taken 24 times
  • The average score is 22 of 54
Answer Stats
Question Tile Select % Correct
the following songs that are on Johnny Cash with His Hot and Blue Guitar! (1957). Frankie's Man, Johnny No
83%
the following songs that are on Johnny Cash with His Hot and Blue Guitar! (1957). Don't Take Your Guns to Town No
78%
the following songs that are on Johnny Cash with His Hot and Blue Guitar! (1957). I Still Miss Someone No
78%
the following songs that are on Johnny Cash with His Hot and Blue Guitar! (1957). Folsom Prison Blues Yes
74%
the following songs that are on Johnny Cash with His Hot and Blue Guitar! (1957). Run Softly, Blue River No
74%
the following songs that are on Johnny Cash with His Hot and Blue Guitar! (1957). Cry! Cry! Cry! Yes
65%
the following songs that are on Johnny Cash at Folsom Prison (1968). If I Were a Carpenter No
61%
the following songs that are on Johnny Cash at Folsom Prison (1968). I'm Gonna Try to Be That Way No
61%
the following songs that are on Johnny Cash with His Hot and Blue Guitar! (1957). I Walk the Line Yes
61%
the following songs that are on Johnny Cash at San Quentin (1969). A Boy Named Sue Yes
57%
the following songs that are on Johnny Cash at Folsom Prison (1968). Sunday Morning Coming Down No
57%
the following songs that are on Johnny Cash at San Quentin (1969). 25 Minutes to Go No
52%
the following songs that are on Johnny Cash at Folsom Prison (1968). I Got Stripes Yes
52%
the following songs that are on Hello, I'm Johnny Cash (1970). Ned Kelly No
52%
the following songs that are on Johnny Cash with His Hot and Blue Guitar! (1957). Rock Island Line Yes
52%
the following songs that are on American IV: The Man Comes Around (2004). Rusty Cage No
52%
the following songs that are on Johnny Cash with His Hot and Blue Guitar! (1957). So Doggone Lonesome Yes
52%
the following songs that are on American IV: The Man Comes Around (2004). Bird on the Wire No
48%
the following songs that are on Johnny Cash at Folsom Prison (1968). Green, Green Grass of Home Yes
48%
the following songs that are on American IV: The Man Comes Around (2004). Hurt Yes
48%
the following songs that are on Hello, I'm Johnny Cash (1970). Papa Was a Good Man No
48%
the following songs that are on Johnny Cash at San Quentin (1969). The Long Black Veil No
48%
the following songs that are on American IV: The Man Comes Around (2004). One No
43%
the following songs that are on Blood, Sweat and Tears (1963). Understand Your Man No
43%
the following songs that are on Johnny Cash at San Quentin (1969). Cocaine Blues No
39%
the following songs that are on Johnny Cash at Folsom Prison (1968). Dirty Old Egg-Suckin' Dog Yes
39%
the following songs that are on Johnny Cash at Folsom Prison (1968). Give My Love to Rose Yes
39%
the following songs that are on Johnny Cash at San Quentin (1969). Orange Blossom Special No
39%
the following songs that are on Hello, I'm Johnny Cash (1970). Singin' in Viet Nam Talkin' Blues No
39%
the following songs that are on Blood, Sweat and Tears (1963). Hey Porter No
35%
the following songs that are on Johnny Cash at Folsom Prison (1968). I Still Miss Someone Yes
35%
the following songs that are on Johnny Cash at Folsom Prison (1968). Jackson Yes
35%
the following songs that are on Johnny Cash at San Quentin (1969). Starkville City Jail Yes
35%
the following songs that are on Blood, Sweat and Tears (1963). The Ballad of Ira Hayes No
35%
the following songs that are on Johnny Cash at San Quentin (1969). Wanted Man Yes
35%
the following songs that are on Blood, Sweat and Tears (1963). Casey Jones Yes
30%
the following songs that are on American IV: The Man Comes Around (2004). Personal Jesus Yes
30%
the following songs that are on Johnny Cash at San Quentin (1969). Wreck of the Old 97 Yes
30%
the following songs that are on American IV: The Man Comes Around (2004). I Hung My Head Yes
26%
the following songs that are on American IV: The Man Comes Around (2004). I Won't Back Down No
26%
the following songs that are on Hello, I'm Johnny Cash (1970). Man in Black No
26%
the following songs that are on Blood, Sweat and Tears (1963). Ring of Fire No
26%
the following songs that are on Johnny Cash at San Quentin (1969). (There'll Be) Peace in the Valley Yes
26%
the following songs that are on Blood, Sweat and Tears (1963). Waiting for a Train Yes
26%
the following songs that are on American IV: The Man Comes Around (2004). Streets of Laredo Yes
22%
the following songs that are on Blood, Sweat and Tears (1963). The Legend of John Henry's Hammer Yes
22%
the following songs that are on American IV: The Man Comes Around (2004). We'll Meet Again Yes
22%
the following songs that are on Blood, Sweat and Tears (1963). Busted Yes
17%
the following songs that are on Hello, I'm Johnny Cash (1970). If I Were a Carpenter Yes
17%
the following songs that are on Hello, I'm Johnny Cash (1970). Blistered Yes
13%
the following songs that are on Hello, I'm Johnny Cash (1970). 'Cause I Love You Yes
13%
the following songs that are on Hello, I'm Johnny Cash (1970). Southwind Yes
13%
the following songs that are on Blood, Sweat and Tears (1963). Tell Him I'm Gone Yes
13%
the following songs that are on Hello, I'm Johnny Cash (1970). See Ruby Fall Yes
9%
No matching quizzes found
Score Distribution
Percent of People with Each Score
Percentile by Number Answered
Your Score History
You have not taken this quiz